El futuro de la Unin̤ Europea aportaciones a la conferencia

Bibliographic Details
Format: eBook
Language:Spanish
Published: Madrid: Dykinson, 2022
Subjects:
Online Access:Acceso restringido

MARC

LEADER 00000nam a22000007a 4500
005 2022092005225.0
007 cr|||| |||
008 220920s2022 ea |||||s|||| 00||0 spa d
020 |a 978-84-1122-299-0 
035 |a 37086 
040 |a vLex 
090 |c 13958  |d 13958 
245 0 2 |a El futuro de la Unin̤ Europea  |h [Recurso electrn̤ico] :  |b aportaciones a la conferencia 
256 |a Servicio en ln̕ea 
260 |a Madrid:  |b Dykinson,  |c 2022 
300 |a 1 recurso electrn̤ico 
500 |a Esta Conferencia sobre el Futuro de Europa intenta dar algunas respuestas o salidas a aquellas cuestiones an︢ no resueltas y nos exige reflexionar y debatir sobre cuestiones clave, generar ideas y hacer propuestas. Desde EuroBasque entendemos la Conferencia como una oportunidad para relanzar la Unin̤ Europea, la propia participacin̤ ciudadana, el plan de recuperacin̤, la transicin̤ ecolg̤ica y la transformacin̤ digital, y reforzar el papel de la sociedad civil y recoger la visin̤ de la juventud vasca ante ese futuro en que Euskadi sea un actor imprescindible en la construccin̤ de la Unin̤ Europea Federal. En el siglo XXI los vascos y las vascas debemos ser, de nuevo, impulsores de una Europa capaz de sustituir los miedos por esperanzas y los desafo̕s globales por soluciones comunitarias, aportando la riqueza y la diversidad de nuestra cultura. Para EuroBasque, Europa es nuestra mx̀ima y n︢ica preocupacin̤ y ocupacin̤, por eso, seguiremos trabajando en aras a lograr un protagonismo real, tanto de las personas como de las comunidades naturales que, como Euskadi somos Europa y seguiremos empeądos en que entre todos y todas definimos este modelo polt̕ico abierto que debe responder a la realidad plural y diversa que es Europa: una Europa unida, en paz, democrt̀ica y federal, de la que nos sintamos parte. 
506 1 |a Disponible solo en los productos indicados  |d vLex Global  |d vLex Global (Academic Edition, excluding Law Schools)  |d vLex Global (U.S. Academic Edition, Law Schools)  |d vLex Global (U.S. Academic Edition, excluding Law Schools)  |d vLex Global (Academic Edition, Law Schools) 
650 0 4 |a Derecho Comunitario  |z Espaą 
650 0 4 |a Derecho Internacional  |z Espaą 
740 0 |a vLex Libros (Servicio en ln̕ea) 
856 4 0 |u https://app.vlex.com/#/sources/37086  |z Acceso restringido 
942 |c BOOK 
999 0 |a Community Law 
999 0 |a International Law